00000000nam##2200000za#4500
0019.589922
003CaOODSP
00520210624195859
007cr |||||||||||
008150406|1995||||xxc|||||o    f|0| 0 fre|d
022 |a1488-5379
040 |aCaOODSP|bfre
041 |aeng
041 |afre
043 |an-cn---
0861 |aFs97-6/2050-PDF
1101 |aCanada. |bMinistère des pêches et des océans.
24510|aComptes rendus du 21e atelier annuel sur la toxicité aquatique du 3 au 5 octobre 1994, Sarnia, Ontario / |h[ressource électronique]|cpréparé sous la direction de G. F. Westlake [et al.]
260 |aOttawa - Ontario : |bPêches et Océans Canada |c1995.
300 |a198p.|btableaux
4901 |aRapport technique canadien des sciences halieutiques et aquatiques|x1488-5379|vN° 2050
500 |aPubl. par Ministre des Approvisionnements et Services Canada. Le n° de catalogue et l'ISSN de l'édition imprimée apparaissent dans cette version électronique.
546 |aAbstracts in English.) Texte de présentation bilingue, texte en français et en anglais
590 |a14-05-Supp|b2014-02-26
7201 |aWestlake, G. F.
7760#|tProceedings of the 21st annual Aquatic Toxicity Workshop : |w(CaOODSP)9.526160
791 |tProceedings of the 21st Annual Aquatic Toxicity Workshop - October 3-5, 1994, Sarnia, Ontario / |eeng|w(CaOODSP)9.589921
830#0|aRapport technique canadien des sciences halieutiques et aquatiques,|x1488-5379|vN° 2050|w(CaOODSP)9.500270
85640|ahttp://publications.gc.ca|qPDF|s9661 Ko|uhttps://publications.gc.ca/collections/collection_2014/mpo-dfo/Fs97-6-2050.pdf|yN° 2050